000 00428nam a2200181Ia 4500
001 7703
005 20260306160514.0
008 260306t2013||||xx |||||||||||||| ||spa||
041 _aESP
082 _a354.33
_bG64
100 _aGómez Orea, Domingo
_eAUT
245 0 _aEvaluación de impacto ambiental
260 _c2013
300 _a747 páginas :
_c24 cm.
650 _aGEN
654 _aCIA
942 _cLIB
_dJUS
_fJUS
_2ddc
_n
999 _c7703
_d7703